| 000 | 00326nam a22001097a 4500 | ||
|---|---|---|---|
| 082 |
_a625.7095491 _bNAT |
||
| 100 |
_aN.E.S.Pak Ltd _943621 |
||
| 245 |
_aPolicy for the design of the design of interchanges on indus highway/ _bN.E.S.Pak Ltd |
||
| 526 |
_a0 _b0 _c0 _d625_709549100000000_NAT |
||
| 650 |
_aMCE _9379 |
||
| 942 |
_2ddc _cBK |
||
| 999 |
_c547420 _d547420 |
||